[Event "Deltalift op"]
[Site "Tylosand"]
[Date "2016.05.05"]
[Round "3"]
[White "Reid, Gregor JM"]
[Black "Hector, Jonny"]
[Result "0-1"]
[WhiteElo "2170"]
[BlackElo "2512"]
[PlyCount "110"]
[EventDate "2016.05.05"]
[EventType "swiss"]
[EventRounds "8"]
[EventCountry "SWE"]
[SourceTitle "CBM 172 Extra"]
[Source "ChessBase"]
[SourceDate "2016.06.21"]
[SourceVersion "1"]
[SourceVersionDate "2016.06.21"]
[SourceQuality "1"]

1. Nf3 d5 2. g3 Nc6 3. Bg2 e5 4. d3 f5 5. 0-0 Nf6 6. c4 dxc4 7. Qa4 Bd6 8. Qxc4 Qe7 9. Nc3 a6 10. Bg5 Be6 11. Qh4 0-0 12. e4 h6 13. exf5 hxg5 14. Nxg5 Bxf5 15. Nd5 Qd7 16. Qc4 Kh8 17. Qh4+ Nh7 18. Bh3 Nd4 19. Kh1 g6 20. Nf6 Rxf6 21. Nxh7 Qxh7 22. Qxf6+ Qg7 23. Qh4+ Kg8 24. Bg2 c6 25. Qg5 Bxd3 26. Rfd1 Bf5 27. Rac1 Rf8 28. h4 Qf6 29. f4 Qxg5 30. hxg5 Kf7 31. Rd2 Bb4 32. Rf2 exf4 33. g4 f3 34. Bxf3 Kg7 35. gxf5 Rxf5 36. Rcf1 Rxg5 37. Bd1 Nf5 38. Rxf5 gxf5 39. Rg1 Kf6 40. Rxg5 Kxg5 41. Kg2 Kf4 42. Kf2 Bc5+ 43. Ke2 Kg3 44. Kd3 Kf2 45. Bh5 Bd6 46. Bg6 f4 47. Bh5 b5 48. b3 c5 49. Bd1 c4+ 50. bxc4 bxc4+ 51. Kxc4 Ke3 52. Kd5 Bb4 53. Bb3 f3 54. Bc4 a5 55. a4 f2 0-1

[Event "Vaxjo op"]
[Site "Vaxjo"]
[Date "2015.02.15"]
[Round "8"]
[White "Rydstrom, Tom"]
[Black "Reid, Gregor JM"]
[Result "1/2-1/2"]
[WhiteElo "2314"]
[BlackElo "2133"]
[PlyCount "88"]
[EventDate "2015.02.13"]
[EventType "swiss"]
[EventRounds "8"]
[EventCountry "SWE"]
[SourceTitle "CBM 164 Extra"]
[Source "ChessBase"]
[SourceDate "2015.03.02"]
[SourceVersion "1"]
[SourceVersionDate "2015.03.02"]
[SourceQuality "1"]

1. e4 g6 2. d4 d6 3. Nc3 Bg7 4. Be3 Nc6 5. Nf3 Nf6 6. Qd2 0-0 7. Bh6 Bg4 8. Bxg7 Kxg7 9. d5 Bxf3 10. dxc6 Bxe4 11. Nxe4 Nxe4 12. Qd4+ Nf6 13. cxb7 Rb8 14. Qxa7 c5 15. Be2 Qc7 16. 0-0 Rxb7 17. Qa3 d5 18. Rfb1 e5 19. c3 Rfb8 20. b3 c4 21. b4 d4 22. Qc1 d3 23. Bd1 Qb6 24. Rb2 e4 25. a4 Nd5 26. Qd2 f5 27. a5 Qf6 28. Rc1 f4 29. Qe1 e3 30. fxe3 fxe3 31. Qg3 e2 32. Bxe2 dxe2 33. Rxe2 Rd8 34. h3 h5 35. Rf2 Qe7 36. Rd1 Rbd7 37. Rfd2 Nf6 38. Rxd7 Rxd7 39. Rxd7 Qxd7 40. Qe5 Kf7 41. b5 Qe7 42. Qd4 Qe1+ 43. Kh2 Ng4+ 44. hxg4 Qh4+ 1/2-1/2

[Event "Vaxjo op"]
[Site "Vaxjo"]
[Date "2015.02.13"]
[Round "3"]
[White "Reid, Gregor JM"]
[Black "Ernst, Thomas"]
[Result "1/2-1/2"]
[WhiteElo "2133"]
[BlackElo "2369"]
[PlyCount "91"]
[EventDate "2015.02.13"]
[EventType "swiss"]
[EventRounds "8"]
[EventCountry "SWE"]
[SourceTitle "CBM 164 Extra"]
[Source "ChessBase"]
[SourceDate "2015.03.02"]
[SourceVersion "1"]
[SourceVersionDate "2015.03.02"]
[SourceQuality "1"]

1. e4 c5 2. Nc3 e6 3. f4 d5 4. Nf3 Nf6 5. Bb5+ Bd7 6. Bxd7+ Nbxd7 7. d3 Nb6 8. 0-0 Be7 9. Qe1 0-0 10. Bd2 Rc8 11. Qg3 dxe4 12. dxe4 Nc4 13. Bc1 Nd6 14. Qe1 Nd7 15. Kh1 a6 16. a4 Rb8 17. b3 Qc7 18. Bb2 Rfd8 19. Qg3 Bf8 20. f5 Re8 21. Ng5 exf5 22. Rxf5 Qc6 23. Rd5 f6 24. Rad1 Ne5 25. Nf3 Ndf7 26. Ne2 Ng6 27. Nf4 Nxf4 28. Qxf4 Qe6 29. e5 fxe5 30. Nxe5 Rbd8 31. Rxd8 Rxd8 32. Rxd8 Nxd8 33. h3 Bd6 34. Qg5 Be7 35. Qg3 Bf6 36. Nc4 Bxb2 37. Nxb2 Nc6 38. Nd3 b6 39. Qc7 Nd4 40. Ne5 h6 41. Qd8+ Kh7 42. Nd7 Qe1+ 43. Kh2 Nf3+ 44. gxf3 Qf2+ 45. Kh1 Qf1+ 46. Kh2 1/2-1/2

[Event "Malmo op"]
[Site "Malmo"]
[Date "2014.12.12"]
[Round "1"]
[White "Reid, Gregor JM"]
[Black "Jepson, Christian"]
[Result "0-1"]
[WhiteElo "2146"]
[BlackElo "2416"]
[PlyCount "60"]
[EventDate "2014.12.12"]
[EventType "swiss"]
[EventRounds "7"]
[EventCountry "SWE"]
[SourceTitle "EXT 2016"]
[Source "ChessBase"]
[SourceDate "2015.10.08"]
[SourceVersion "1"]
[SourceVersionDate "2015.10.08"]
[SourceQuality "1"]

1. Nf3 d5 2. g3 g6 3. Bg2 Bg7 4. c4 e6 5. 0-0 Ne7 6. d4 0-0 7. cxd5 exd5 8. Nc3 Nd7 9. Bg5 Nb6 10. Qd2 f6 11. Bf4 g5 12. Be3 Nc4 13. Qc1 c6 14. b3 Nxe3 15. Qxe3 Nf5 16. Qd3 Nd6 17. e3 Bf5 18. Qe2 Qd7 19. Nd2 Rae8 20. Rfe1 h5 21. Qf1 Bg6 22. Rad1 f5 23. Qd3 Qd8 24. f4 g4 25. Na4 Rf7 26. Nb2 Rfe7 27. Nf1 Nb5 28. Qd2 Nxd4 29. exd4 Rxe1 30. Rxe1 Rxe1 0-1

[Event "Deltalift op"]
[Site "Tylosand"]
[Date "2012.05.18"]
[Round "5"]
[White "Reid, Gregor JM"]
[Black "Arnelind, Mikael"]
[Result "1/2-1/2"]
[WhiteElo "2139"]
[BlackElo "2182"]
[PlyCount "56"]
[EventDate "2012.05.17"]
[EventType "swiss"]
[EventRounds "8"]
[EventCountry "SWE"]
[SourceTitle "CBM 148 Extra"]
[Source "ChessBase"]
[SourceDate "2012.06.22"]
[SourceVersion "1"]
[SourceVersionDate "2012.06.22"]
[SourceQuality "1"]

1. Nf3 Nf6 2. g3 g6 3. Bg2 Bg7 4. 0-0 0-0 5. d3 d5 6. Nbd2 c5 7. e4 Nc6 8. h3 b6 9. Re1 Ba6 10. e5 Ne8 11. Nf1 Nc7 12. h4 Ne6 13. N1h2 Qc7 14. h5 Nxe5 15. Nxe5 Bxe5 16. hxg6 hxg6 17. Ng4 Bd4 18. c3 Bg7 19. Nh6+ Bxh6 20. Bxh6 Ng7 21. Bxd5 Bb7 22. Bxb7 Qxb7 23. Qe2 Rfe8 24. Bxg7 Kxg7 25. Qe5+ f6 26. Qe4 Qxe4 27. dxe4 Rad8 28. Rad1 Kf7 1/2-1/2

[Event "SWE-chB"]
[Site "Gothenburg"]
[Date "2005.??.??"]
[Round "5"]
[White "Lind, Jan Olov"]
[Black "Reid, Gregor JM"]
[Result "0-1"]
[WhiteElo "2218"]
[BlackElo "2131"]
[PlyCount "66"]
[EventDate "2005.07.02"]
[EventType "tourn"]
[EventRounds "13"]
[EventCountry "SWE"]
[SourceTitle "CBM 107 Extra"]
[Source "ChessBase"]
[SourceDate "2005.09.01"]
[SourceVersion "1"]
[SourceVersionDate "2005.09.01"]
[SourceQuality "1"]

1. e4 g6 2. d4 Bg7 3. Nc3 d6 4. Bc4 Nc6 5. Nf3 Nf6 6. h3 0-0 7. Qe2 e5 8. dxe5 dxe5 9. 0-0 Nd4 10. Nxd4 exd4 11. Nd5 Nd7 12. Bf4 c6 13. Nb4 a5 14. Bd6 axb4 15. Bxf8 Qxf8 16. f4 Qc5 17. Kh2 Nf6 18. Bd3 Bd7 19. Qf2 Qe7 20. Qf3 h5 21. Kg1 h4 22. e5 Nd5 23. Qe4 Ne3 24. Rfb1 Qc5 25. Qf3 Be6 26. a3 bxa3 27. Rxa3 Rxa3 28. bxa3 Qxa3 29. Rxb7 Qc1+ 30. Kh2 Bd5 31. Rb8+ Bf8 32. e6 Bxf3 33. e7 Ng4+ 0-1

[Event "SWE-chB"]
[Site "Gothenburg"]
[Date "2005.??.??"]
[Round "2"]
[White "Reid, Gregor JM"]
[Black "Glimbrant, Torbjorn"]
[Result "0-1"]
[WhiteElo "2131"]
[BlackElo "2275"]
[PlyCount "84"]
[EventDate "2005.07.02"]
[EventType "tourn"]
[EventRounds "13"]
[EventCountry "SWE"]
[SourceTitle "CBM 107 Extra"]
[Source "ChessBase"]
[SourceDate "2005.09.01"]
[SourceVersion "1"]
[SourceVersionDate "2005.09.01"]
[SourceQuality "1"]

1. Nf3 Nf6 2. g3 g6 3. Bg2 Bg7 4. 0-0 0-0 5. d3 c5 6. e4 d6 7. Nc3 Nc6 8. h3 Rb8 9. Be3 b5 10. Qd2 b4 11. Ne2 a5 12. Bh6 Ba6 13. b3 e6 14. Qe3 e5 15. Nh2 Nd4 16. Bxg7 Kxg7 17. Nxd4 cxd4 18. Qd2 Bc8 19. f4 Nh5 20. f5 f6 21. Ng4 g5 22. Kh2 Kh8 23. a3 d5 24. Nf2 dxe4 25. Nxe4 Bb7 26. Nc5 Bxg2 27. Qxg2 Qd6 28. axb4 axb4 29. Ne6 Rfc8 30. Ra2 Ng7 31. Nxg7 Kxg7 32. h4 gxh4 33. gxh4+ Kh8 34. Qe4 Rg8 35. Raa1 Rbc8 36. Rf2 Qc7 37. Ra6 Qg7 38. Qg2 Qh6 39. Qe4 Qc1 40. Rg2 Rxg2+ 41. Qxg2 Qf4+ 42. Kg1 e4 0-1

[Event "SWE-chB"]
[Site "Gothenburg"]
[Date "2005.??.??"]
[Round "6"]
[White "Reid, Gregor JM"]
[Black "Henriksson, Jacob"]
[Result "0-1"]
[WhiteElo "2131"]
[BlackElo "2210"]
[PlyCount "60"]
[EventDate "2005.07.02"]
[EventType "tourn"]
[EventRounds "13"]
[EventCountry "SWE"]
[SourceTitle "CBM 107 Extra"]
[Source "ChessBase"]
[SourceDate "2005.09.01"]
[SourceVersion "1"]
[SourceVersionDate "2005.09.01"]
[SourceQuality "1"]

1. e4 c5 2. Nc3 Nc6 3. f4 g6 4. Nf3 Bg7 5. Bb5 Nd4 6. 0-0 a6 7. Bc4 b5 8. Bd5 Rb8 9. d3 e6 10. Bb3 Ne7 11. f5 gxf5 12. Bg5 Bb7 13. Kh1 h6 14. Bh4 Nxf3 15. Qxf3 Bxc3 16. bxc3 c4 17. dxc4 Bxe4 18. Qg3 Qb6 19. c5 Qb7 20. Bxe7 Kxe7 21. Qd6+ Ke8 22. Rf2 Rg8 23. Rg1 Rc8 24. Qd2 Rxc5 25. Qxh6 Rxc3 26. Qh7 Kf8 27. Qh6+ Ke8 28. Qh7 Rf8 29. Rf4 Qc6 30. a4 bxa4 0-1

[Event "SWE-chB"]
[Site "Gothenburg"]
[Date "2005.??.??"]
[Round "8"]
[White "Reid, Gregor JM"]
[Black "Lundin, Jan"]
[Result "0-1"]
[WhiteElo "2131"]
[BlackElo "2262"]
[PlyCount "84"]
[EventDate "2005.07.02"]
[EventType "tourn"]
[EventRounds "13"]
[EventCountry "SWE"]
[SourceTitle "CBM 107 Extra"]
[Source "ChessBase"]
[SourceDate "2005.09.01"]
[SourceVersion "1"]
[SourceVersionDate "2005.09.01"]
[SourceQuality "1"]

1. d4 Nf6 2. c4 c5 3. d5 b5 4. cxb5 a6 5. b6 d6 6. Nc3 Nbd7 7. a4 Qxb6 8. a5 Qb7 9. Nf3 e6 10. e4 exd5 11. exd5 Be7 12. Bd3 Nf8 13. Nd2 Rb8 14. Nc4 Ng6 15. 0-0 0-0 16. Re1 Qc7 17. Nb6 Bd8 18. f4 Nd7 19. Nc4 Bf6 20. Ne4 Bd4+ 21. Kh1 Nf6 22. Nexd6 Nxd5 23. Nxc8 Rfxc8 24. g3 Re8 25. Bd2 Ndxf4 26. Be4 Nd3 27. Qf3 Nxe1 28. Rxe1 Bxb2 29. Rf1 Bf6 30. Bxg6 hxg6 31. Bf4 Qb7 32. Bxb8 Qxf3+ 33. Rxf3 Rxb8 34. Nb6 Rd8 35. Kg2 Rd2+ 36. Kh3 Ra2 37. Nc4 Ra4 38. Rf4 Bd4 39. Nd6 g5 40. Rxf7 Be5 41. Nb7 Kxf7 42. Nxc5 Rxa5 0-1

[Event "Rodeby op"]
[Site "Karlskrona"]
[Date "1997.??.??"]
[Round "3"]
[White "Lukez, Franko"]
[Black "Reid, Gregor JM"]
[Result "1-0"]
[WhiteElo "2320"]
[BlackElo "2115"]
[PlyCount "41"]
[EventDate "1997.??.??"]
[EventType "swiss"]
[EventRounds "7"]
[EventCountry "SWE"]
[SourceTitle "EXT 2001"]
[Source "ChessBase"]
[SourceDate "2000.11.22"]
[SourceVersion "1"]
[SourceVersionDate "2000.11.22"]
[SourceQuality "1"]

1. e4 c5 2. Nf3 Nc6 3. Nc3 g6 4. Bb5 Bg7 5. Bxc6 bxc6 6. 0-0 d6 7. h3 e5 8. d3 Ne7 9. Nh2 0-0 10. f4 f5 11. fxe5 Bxe5 12. Bh6 Rb8 13. Bxf8 Qxf8 14. Rb1 Qg7 15. Nf3 Bf6 16. Qe2 f4 17. e5 dxe5 18. Ne4 Be6 19. Nxf6+ Qxf6 20. b3 e4 21. Qxe4 1-0